Durácia a portfólio cenných papierov

Investor pri tvorbe portfólia cenných papierov sleduje niekoľko cieľov - dosahovanie vyššieho celkového výnosu a riadenie rizika. Potreba riadenia hodnoty portfólia. Ochrana pred rizikom. Výpočet durácie. Príklad.

Guardado en:
Detalles Bibliográficos
Autor principal: Markovič, Peter, 1974-
Formato: Capítulo de libro
Lenguaje:eslovaco
inglés
Materias:
Etiquetas: Agregar Etiqueta
Sin Etiquetas, Sea el primero en etiquetar este registro!

MARC

LEADER 00000naa a2200000 4500
001 r040183
005 20240502071335.6
041 0 |a slo 
041 0 |a eng 
044 |a SK 
245 1 0 |a Durácia a portfólio cenných papierov  |c Peter Markovič 
520 |a Investor pri tvorbe portfólia cenných papierov sleduje niekoľko cieľov - dosahovanie vyššieho celkového výnosu a riadenie rizika. Potreba riadenia hodnoty portfólia. Ochrana pred rizikom. Výpočet durácie. Príklad. 
610 2 0 |a papiere cenné 
610 2 0 |a portfólio 
610 2 0 |a durácia 
610 2 0 |a výnosy 
610 2 0 |a investori 
610 2 0 |a riziko 
100 1 |a Markovič, Peter, 1974-